00902nam a2200229 i 4500001000700000003000900007005001700016008004100033040002000074100004800094245008300142250002700225260006300252300002700315596003600342651003500378651003200413752002600445852003400471999001900505952014800524160879ES-MaACL20250730063142.0970318s1859 sp |||| | spa d aCYL bspa cCYL1 aOchoa de Alda, Teodoro, d1803-1878913059110aDiccionario geográfico-histórico de Navarra / cpor Teodoro Ochoa de Alda. a2ª ed. de la de 1842. aPamplona : b[s.n.], c[s.a.] (fImprenta del mismo autor) a[8], 316 p. ; c20 cm. aEn port. figura la fecha: 1859. 4aNavarra-xGeografía.9137279 4aNavarra-xHistoria.9137280 aEspaña - dPamplona aES-MaACLjB-5682 z-- Rúst. c160879d160879 001040708Colección_de_referencia aATENEOMbATENEOMcSPBd2008-01-17eSSCl0oB-5682p1168478r2023-02-23 00:00:00w2023-02-23yMONOGRAFIA